UM Logo

Curiosity : (Record no. 23753)

MARC details
000 -LEADER
fixed length control field 01856nam a22002057a 4500
005 - DATE AND TIME OF LATEST TRANSACTION
control field 20250917144919.0
008 - FIXED-LENGTH DATA ELEMENTS--GENERAL INFORMATION
fixed length control field 250915b |||||||| |||| 00| 0 eng d
020 ## - INTERNATIONAL STANDARD BOOK NUMBER
International Standard Book Number 9780857089809
082 ## - DEWEY DECIMAL CLASSIFICATION NUMBER
Classification number DC 650.1 H769 2025
100 ## - MAIN ENTRY--PERSONAL NAME
Personal name Hooydonk, Stefaan van.
9 (RLIN) 67396
245 ## - TITLE STATEMENT
Title Curiosity :
Remainder of title the secret ingredient for success in personal and professional growth /
Statement of responsibility, etc. Stefaan van Hooydonk.
260 ## - PUBLICATION, DISTRIBUTION, ETC. (IMPRINT)
Place of publication, distribution, etc. UK :
Name of publisher, distributor, etc. John Wiley & Sons Ltd.,
Date of publication, distribution, etc. ©2025.
300 ## - PHYSICAL DESCRIPTION
Extent xxv, 275 pages :
Other physical details illustrations ;
Dimensions 21 cm.
500 ## - GENERAL NOTE
General note Includes index.
505 ## - FORMATTED CONTENTS NOTE
Formatted contents note The why and the what of curiosity. The business case for curiosity -- Neuroscience and curiosity -- The success formula of curiosity. Permission -- Awareness -- Intentionality -- The three dimensions of curiosity. Curiosity about the world around us -- Curiosity about others -- Curiosity about self -- Applying curiosity. "Why don't we milk pigs" or : the power of better questions -- Leadership and curiosity -- Alchemy and AI -- Curiosity and corporate culture -- Curiosity and the planet -- Putting it all together
520 ## - SUMMARY, ETC.
Summary, etc. "This book is designed for those who see themselves as a force for good and aim to transform their teams and organizations into better versions of themselves. It provides stories, frameworks, and valuable insights to deepen your understanding of curiosity. Each chapter begins with a quote for reflection, followed by a trigger question to encourage personal introspection. The book is divided into four parts: the neuroscience of curiosity, a model for maximizing curiosity, an exploration of specific areas like leadership and culture, and a conclusion with a call to action. The book invites readers to explore the importance of curiosity for individuals, teams, and organizations."
650 #0 - SUBJECT ADDED ENTRY--TOPICAL TERM
Topical term or geographic name as entry element Curiosity.
9 (RLIN) 67697
650 #0 - SUBJECT ADDED ENTRY--TOPICAL TERM
Topical term or geographic name as entry element Success in business.
9 (RLIN) 67698
942 ## - ADDED ENTRY ELEMENTS (KOHA)
Source of classification or shelving scheme Dewey Decimal Classification
Koha item type Circulation
Holdings
Withdrawn status Lost status Source of classification or shelving scheme Damaged status Not for loan Collection code Home library Current library Shelving location Date acquired Source of acquisition Cost, normal purchase price Total Checkouts Full call number Barcode Date last seen Date last checked out Price effective from Koha item type
    Dewey Decimal Classification     Circulation UM Digos College - LIC UM Digos College - LIC Book Cart 08/11/2025 Purchased 1880.00 2 DC 650.1 H769 2025 28783 11/03/2025 10/30/2025 09/15/2025 Circulation